Southville International School and Colleges
Your cart is empty.
  • Cart
  • Lists
    Public lists Eva Luna New books Lux_list list_1
    Your lists Log in to create your own lists
  • Log in to your account
  • Your cookies
  • Search history
Southville International School and Colleges
  • Advanced search
  • Recent comments
  • Most popular
  • Libraries

Log in to your account

Log in with GOOGLE


If you do not have an external account, but do have a local account, you can still log in:

  1. Home
  2. MARC view: The influence of movie types on the values and morals of Southville students /
Normal view MARC view ISBD view

The influence of movie types on the values and morals of Southville students / (Record no. 278684)

[ view plain ]
MARC details
000 -LEADER
fixed length control field 00845nam a2200217Ia 4500
003 - CONTROL NUMBER IDENTIFIER
control field 0
005 - DATE AND TIME OF LATEST TRANSACTION
control field 20250127124430.0
008 - FIXED-LENGTH DATA ELEMENTS--GENERAL INFORMATION
fixed length control field 150126s9999 xx 000 0 und d
050 ## - LIBRARY OF CONGRESS CALL NUMBER
Classification number PHS PN 1995.5
Item number .So689 2014
100 ## - MAIN ENTRY--PERSONAL NAME
Personal name Solomon, Elmyra Harrietta Ong.
245 #4 - TITLE STATEMENT
Title The influence of movie types on the values and morals of Southville students /
Statement of responsibility, etc Elmyra Harrietta Ong Solomon.
260 ## - PUBLICATION, DISTRIBUTION, ETC. (IMPRINT)
Place of publication, distribution, etc Las Piñas City, Philippines :
Name of publisher, distributor, etc Southville International School and Colleges,
Date of publication, distribution, etc 2014.
300 ## - PHYSICAL DESCRIPTION
Extent 25 pages :
Other physical details illustration ;
Dimensions 28 cm.
504 ## - BIBLIOGRAPHY, ETC. NOTE
Bibliography, etc Includes bibliographical references.
650 ## - SUBJECT ADDED ENTRY--TOPICAL TERM
Topical term or geographic name as entry element Motion pictures
Form subdivision Social aspects.
650 ## - SUBJECT ADDED ENTRY--TOPICAL TERM
Topical term or geographic name as entry element Motion pictures
Form subdivision Moral and ethical aspects.
650 ## - SUBJECT ADDED ENTRY--TOPICAL TERM
Topical term or geographic name as entry element Moral development
Form subdivision Adolescents.
650 ## - SUBJECT ADDED ENTRY--TOPICAL TERM
Topical term or geographic name as entry element Movies
Form subdivision Influence on youth.
650 ## - SUBJECT ADDED ENTRY--TOPICAL TERM
Topical term or geographic name as entry element Adolescents and mass media.
942 ## - ADDED ENTRY ELEMENTS (KOHA)
Source of classification or shelving scheme Library of Congress Classification
Koha item type PASS
Holdings
Withdrawn status Lost status Source of classification or shelving scheme Damaged status Home library Current library Shelving location Date acquired Source of acquisition Total Checkouts Full call number Barcode Date last seen Price effective from Koha item type
    Library of Congress Classification   Luxembourg Library Luxembourg Library Portfolio Assessment of SISC Students Section 02/06/2042 Donation   PHS PN 1995.5 .So689 2014 P3340 01/26/2015 01/26/2015 PASS

The influence of movie types on the values and morals of Southville students /

APA

Solomon E. H. O., . (2014). The influence of movie types on the values and morals of Southville students. Las Piñas City, Philippines: Southville International School and Colleges.

Chicago

Solomon Elmyra Harrietta Ong, . 2014. The influence of movie types on the values and morals of Southville students. Las Piñas City, Philippines: Southville International School and Colleges.

Harvard

Solomon E. H. O., . (2014). The influence of movie types on the values and morals of Southville students. Las Piñas City, Philippines: Southville International School and Colleges.

MLA

Solomon Elmyra Harrietta Ong, . The influence of movie types on the values and morals of Southville students. Las Piñas City, Philippines: Southville International School and Colleges. 2014.

  • Print
  • Cite
  • Add to your cart (remove)
  • Save record
    BIBTEX Dublin Core MARCXML MARC (non-Unicode/MARC-8) MARC (Unicode/UTF-8) MARC (Unicode/UTF-8, Standard) MODS (XML) RIS
  • More searches
    Search for this title in:
    Other Libraries (WorldCat) Other Databases (Google Scholar) Online Stores (Bookfinder.com) Open Library (openlibrary.org)

Exporting to Dublin Core...

SOUTHVILLE LIBRARY

Southville International School and Colleges Library

1281 Tropical Ave. Cor. Luxembourg St., BF Homes International, Las Pinas City

Tel. No. 8256374 / 252358 Loc. 117/146

Powered by Koha